000 00351 a2200169 4500
001 190231
020 _a85-7319-327-1
040 _cMagnum
100 _aKrieger, Maria de Lourdes
240 1 0 _aLembranças
_lpor
245 1 0 _aLembranças
300 _a168
362 0 _a2003
440 1 _aDimensão
697 _aLITERATURA GERAL
942 _cBK
999 _c190231
_d190231